¿ Desarrollo del agro: ¿PLC o FSLN?

Salvato in:
Dettagli Bibliografici
Natura: testo
Tags: Aggiungi Tag
Nessun Tag, puoi essere il primo ad aggiungerne!!

MARC

LEADER 00000 a a2200000 04500
001 7175
003
040
245 |a ¿ Desarrollo del agro:   |b ¿PLC o FSLN?  
773 |g volumen 20, número 234; páginas 15-18  
999 |c 22412  |d 22412